Anatomy for anaesthetists / (Record no. 134443)
[ view plain ]
| 000 -LEADER | |
|---|---|
| fixed length control field | 02084nam a2200409 i 4500 |
| 001 - CONTROL NUMBER | |
| control field | ebr10780726 |
| 003 - CONTROL NUMBER IDENTIFIER | |
| control field | CaPaEBR |
| 006 - FIXED-LENGTH DATA ELEMENTS--ADDITIONAL MATERIAL CHARACTERISTICS--GENERAL INFORMATION | |
| fixed length control field | m o d |
| 007 - PHYSICAL DESCRIPTION FIXED FIELD--GENERAL INFORMATION | |
| fixed length control field | cr cn||||||||| |
| 008 - FIXED-LENGTH DATA ELEMENTS--GENERAL INFORMATION | |
| fixed length control field | 130619t20142014enkad ob 001 0 eng|d |
| 020 ## - INTERNATIONAL STANDARD BOOK NUMBER | |
| Cancelled/invalid ISBN | 9781118375983 (cloth : alk. paper) |
| International Standard Book Number | 9781118375969 (e-book) |
| 040 ## - CATALOGING SOURCE | |
| Original cataloging agency | CaPaEBR |
| Language of cataloging | eng |
| Description conventions | rda |
| -- | pn |
| Transcribing agency | CaPaEBR |
| 035 ## - SYSTEM CONTROL NUMBER | |
| System control number | (OCoLC)860908710 |
| 050 14 - LIBRARY OF CONGRESS CALL NUMBER | |
| Classification number | QM23.2 |
| Item number | .E45 2014eb |
| 082 04 - DEWEY DECIMAL CLASSIFICATION NUMBER | |
| Classification number | 611/.0024617 |
| Edition number | 23 |
| 100 1# - MAIN ENTRY--PERSONAL NAME | |
| Personal name | Ellis, Harold, |
| Dates associated with a name | 1926- |
| 245 10 - TITLE STATEMENT | |
| Title | Anatomy for anaesthetists / |
| Statement of responsibility, etc | Harold Ellis, Andrew Lawson. |
| 250 ## - EDITION STATEMENT | |
| Edition statement | Ninth edition. |
| 264 #1 - PRODUCTION, PUBLICATION, DISTRIBUTION, MANUFACTURE, AND COPYRIGHT NOTICE | |
| Place of production, publication, distribution, manufacture | Chichester, West Sussex, UK : |
| Name of producer, publisher, distributor, manufacturer | Blackwell Science Ltd., John Wiley & Sons Ltd, |
| Date of production, publication, distribution, manufacture, or copyright notice | [2014] |
| Date of production, publication, distribution, manufacture, or copyright notice | �2014 |
| 300 ## - PHYSICAL DESCRIPTION | |
| Extent | 1 online resource (362 pages) : |
| Other physical details | illustrations (some color) |
| 336 ## - CONTENT TYPE | |
| Content type term | text |
| Source | rdacontent |
| 337 ## - MEDIA TYPE | |
| Media type term | computer |
| Source | rdamedia |
| 338 ## - CARRIER TYPE | |
| Carrier type term | online resource |
| Source | rdacarrier |
| 504 ## - BIBLIOGRAPHY, ETC. NOTE | |
| Bibliography, etc | Includes bibliographical references and index. |
| 505 0# - FORMATTED CONTENTS NOTE | |
| Formatted contents note | part 1. The respiratory pathway, lungs, thoracic wall and diaphragm -- part 2. The heart and great veins of the neck -- part 3. The vertebral canal and its contents -- part 4. The peripheral nerves -- part 5. The autonomic nervous system -- part 6. The cranial nerves -- part 7. Miscellaneous zones of interest -- part 8. The anatomy of pain. |
| 588 ## - SOURCE OF DESCRIPTION NOTE | |
| Source of description note | Description based on print version record. |
| 590 ## - LOCAL NOTE (RLIN) | |
| Local note | Electronic reproduction. Palo Alto, Calif. : ebrary, 2015. Available via World Wide Web. Access may be limited to ebrary affiliated libraries. |
| 650 #0 - SUBJECT ADDED ENTRY--TOPICAL TERM | |
| Topical term or geographic name as entry element | Human anatomy. |
| Topical term or geographic name as entry element | Anesthesiology. |
| 655 #0 - INDEX TERM--GENRE/FORM | |
| Genre/form data or focus term | Electronic books. |
| 700 1# - ADDED ENTRY--PERSONAL NAME | |
| Personal name | Lawson, Andrew |
| Titles and other words associated with a name | (Medical ethicist) |
| 776 08 - ADDITIONAL PHYSICAL FORM ENTRY | |
| Display text | Print version: |
| Main entry heading | Ellis, Harold. |
| Title | Anatomy for anaesthetists. |
| Place, publisher, and date of publication | Chichester, West Sussex, UK : Blackwell Science Ltd., John Wiley & Sons Ltd, [2014] |
| Physical description | xv, 344 pages |
| International Standard Book Number | 9781118375983 |
| Record control number | (DNLM)101610716 |
| -- | (DLC) 2013024798 |
| 797 2# - LOCAL ADDED ENTRY--CORPORATE NAME (RLIN) | |
| Corporate name or jurisdiction name as entry element | ebrary. |
| 856 40 - ELECTRONIC LOCATION AND ACCESS | |
| Uniform Resource Identifier | <a href="http://site.ebrary.com/lib/rucke/Doc?id=10780726">http://site.ebrary.com/lib/rucke/Doc?id=10780726</a> |
| Public note | An electronic book accessible through the World Wide Web; click to view |
No items available.
